000 00787nam a2200253Ia 4500
003 OSt
005 20220930070857.0
006 a|||||r|||| 00| 0
007 ta
008 220926b |||||||| |||| 00| 0 eng d
024 _a7621
037 _cTheses
040 _aCRL
_cCRL
_beng
041 _2eng
_aeng
100 _aSubbarao S V Au.
_9527687
110 _aUniversity of Delhi. Faculty of Medical Sciences. Department of Medicine
245 0 _aStudy of peripheral neuritis with special reference to pyruvate metabolism
260 _c1967
650 _aMEDICINE
700 _a Dr P Sobti Gu.
_9527688
700 _aUniversity of Delhi. Faculty of Medical Sciences. Department of Medicine
942 _cDIS
_2CC
999 _c861525
_d861525